Python programming for the absolute beginner

Αποθηκεύτηκε σε:
Λεπτομέρειες βιβλιογραφικής εγγραφής
Κύριος συγγραφέας: Dawson, Mike, 1947-
Μορφή: Βιβλίο
Γλώσσα:English
Δημοσίευση: Boston, Mass. : Thomson Course Technology, c2006.
Έκδοση:2nd ed.
Θέματα:
Ετικέτες: Προσθήκη ετικέτας
Δεν υπάρχουν, Καταχωρήστε ετικέτα πρώτοι!

MARC

LEADER 00000cam a2200000 i 4500
001 1/56041
008 070925s2006 mau| ||| |||| ||eng||
020 |a 1598631128 
035 |l 10091032 
040 |a GR-MyUa  |b gre  |e AACR2 
041 0 |a eng 
082 7 |a 005.133   |2 (22) 
100 1 |a Dawson, Mike,   |d 1947- 
245 1 0 |a Python programming for the absolute beginner /   |c Michael Dawson.  
250 |a 2nd ed. 
260 |a Boston, Mass. :   |b Thomson Course Technology,   |c c2006.  
300 |a xxiv, 447 σ. :   |b εικ. ;   |c 24 εκ. +   |e 1 οπτική δισκέτα λέϊζερ Η/Υ (4 3/4 ίν.)  
500 |a Περιλαμβάνει ευρετήριο.  
650 0 |a Python (Computer program language) 
852 |a INST  |b SYROS  |e 20070925  |h 005.133 DAW  |p 005500007112  |q 005500007112  |t BK  |y 0 
852 |a INST  |b SYROS  |e 20070925  |h 005.133 DAW   |p 005500007113  |q 005500007113  |t BK  |y 0 
901 |a BIBL5-2007-3 
922 |a 5ΕΛΗ  |b 200708  |c ΕΠΕΑΕΚ2/ΤΜΣΠΣ  |d Ελευθερουδάκης 
970 |a Καγιαβά  |b Ειρήνη  |z 25/09/2007